Las migraciones internas / (Registro nro. 5068)

Detalles MARC
000 -LEADER
fixed length control field 00891nam a2200217Ia 4500
003 - CONTROL NUMBER IDENTIFIER
control field OSt
005 - DATE AND TIME OF LATEST TRANSACTION
control field 20200513145016.0
008 - FIXED-LENGTH DATA ELEMENTS--GENERAL INFORMATION
fixed length control field 191128s1975 ck a gr 000 0 spa d
040 ## - CATALOGING SOURCE
Original cataloging agency CO-JMCR
Transcribing agency CO-JMCR
041 1# - LANGUAGE CODE
Language code of text/sound track or separate title spa
082 04 - DEWEY DECIMAL CLASSIFICATION NUMBER
Classification number 307.2409861 /
Item number C172m
Edition number 23
100 1# - MAIN ENTRY--PERSONAL NAME
Personal name Cardona Gutiérrez, Ramiro,
Relator term editor
9 (RLIN) 4285
245 14 - TITLE STATEMENT
Title Las migraciones internas /
Statement of responsibility, etc. Ramiro Cardona Gutiérrez, Ethel Rodriguez Espada
260 ## - PUBLICATION, DISTRIBUTION, ETC.
Place of publication, distribution, etc. Bogotá :
Name of publisher, distributor, etc. Asociación Colombiana de Facultades de Medicina,
Date of publication, distribution, etc. 1975
300 ## - PHYSICAL DESCRIPTION
Extent 385 páginas :
Other physical details ilustraciones en blanco y negro ;
Dimensions 24cm.
505 ## - FORMATTED CONTENTS NOTE
Formatted contents note Estudios de migración en latinoamerica -- Estudios de migración en colombia -- Marginalidad -- Algunos aspectos de urbanización
650 14 - SUBJECT ADDED ENTRY--TOPICAL TERM
Topical term or geographic name entry element Migración interna
Geographic subdivision Bogotá
9 (RLIN) 4293
650 24 - SUBJECT ADDED ENTRY--TOPICAL TERM
Topical term or geographic name entry element Migración rural-urbana
Geographic subdivision Bogotá
9 (RLIN) 4294
700 1# - ADDED ENTRY--PERSONAL NAME
Personal name Rodruiguez Espada, Ethel,
Relator term editor
9 (RLIN) 4295
942 ## - ADDED ENTRY ELEMENTS (KOHA)
Source of classification or shelving scheme Dewey Decimal Classification
Koha item type Books
Existencias
Withdrawn status Lost status Source of classification or shelving scheme Materials specified (bound volume or other part) Damaged status Not for loan Home library Current library Shelving location Date acquired Source of acquisition Cost, normal purchase price Total Checkouts Full call number Barcode Date last seen Copy number Price effective from Koha item type
    Dewey Decimal Classification Donación--15/04/2018--     Biblioteca Pública José María del Castillo y Rada Biblioteca Pública José María del Castillo y Rada General Stacks 11/28/2019 Donación 0.00   307.2409861 / C172m 430001244 05/16/2024 Ej.1 11/28/2019 Books